000 00770nam a2200241Ia 4500
003 OSt
005 20220927105324.0
006 a|||||r|||| 00| 0
007 ta
008 220926b |||||||| |||| 00| 0 eng d
024 _a176440
037 _cReference Collections
040 _aRTL
_cRTL
_beng
041 _2eng
_aeng
082 _a"X9:(D6,9(B), P9/UN"
110 _aUNITED NATIONS ECONOMIC COMMISSION FOR EUROPE
245 0 _aEnhancing the innovative performance of firms
_b Policy options and practical instruments
260 _aNew
_bYork United Nations
_c2009
300 _a"ix, 137p"
_ccm.
700 _aUNITED NATIONS ECONOMIC COMMISSION FOR EUROPE
942 _h"X9:(D6,9(B), P9/UN"
_cCC
999 _c691831
_d691831